[Event "Zalakaros op"]
[Site "Zalakaros"]
[Date "1991.??.??"]
[Round "8"]
[White "Loginov, Valery A"]
[Black "Borsos, Bogdan"]
[Result "1-0"]
[WhiteElo "2530"]
[BlackElo "2310"]

1.Nf3 d5 2.g3 Bg4 3.Bg2 c6 4.O-O Nd7 5.d3 Ngf6 6.c4 e6 7.cxd5 cxd5 8.Nc3 Be7
9.Bd2 O-O 10.a3 Qb8 11.b4 Rc8 12.Qb3 Ne5 13.Nd4 Nc6 14.Nxc6 Rxc6 15.h3 Bh5
16.e4 Qd8 17.exd5 exd5 18.Nxd5 Nxd5 19.Qxd5 Rc2 20.Qxh5 Rxd2 21.Bxb7 Rb8
22.Bd5 g6 23.Qf3 Bf6 24.Rfd1 Rxd1+ 25.Rxd1 Rb6 26.Re1 Kg7 27.Bc4 Qd7 28.Kg2 Bd4
29.Re2 Rf6 30.Qd5 Rd6 31.Qe4 Bf6 32.b5 h5 33.a4 h4 34.Qg4 Qb7+ 35.Qf3 Qd7
36.Re4 Rd4 37.gxh4 Rxe4 38.Qxe4 Bd4 39.a5 Qd6 40.Qf3 Qc7 41.h5 Bc3 42.hxg6 fxg6
43.b6 axb6 44.a6 Bf6 45.h4 b5 46.Bxb5 Qc5 47.Bc4 Bd4 48.Qd5 Qa7 49.h5 gxh5
50.Qxh5 Bxf2 51.Qg5+  1-0

[Event "Zuerich op"]
[Site "Zuerich"]
[Date "1991.??.??"]
[Round "3"]
[White "Weindl, Alfred"]
[Black "Shabalov, Alexander"]
[Result "1-0"]
[WhiteElo "2360"]
[BlackElo "2505"]

1.Nf3 d5 2.g3 Bg4 3.Bg2 Nd7 4.c4 c6 5.cxd5 cxd5 6.O-O Ngf6 7.d4 e6 8.Nc3 Bd6
9.Qb3 Nb6 10.Bg5 O-O 11.Ne5 Bf5 12.g4 Bg6 13.Bh4 Qb8 14.Bg3 Nbd7 15.Nxd7 Nxd7
16.e4 dxe4 17.Nxe4 Bxe4 18.Bxe4 Nb6 19.Qf3 Bxg3 20.hxg3 Qd6 21.Bxb7 Rab8
22.Rad1 Qb4 23.Be4 Qxb2 24.Kg2 Qxa2 25.Rh1 f5 26.Ra1 Qc4 27.gxf5 exf5 28.Bb1 Qxd4
29.Ba2+ Rf7 30.Bxf7+ Kxf7 31.Qxf5+  1-0

[Event "Ajka op"]
[Site "Ajka"]
[Date "1992.??.??"]
[Round "3"]
[White "Starosek, Konstantin"]
[Black "Burmakin, Vladimir"]
[Result "1-0"]
[WhiteElo "2425"]
[BlackElo "2375"]

1.Nf3 d5 2.g3 g6 3.Bg2 Bg7 4.d4 Nf6 5.O-O O-O 6.Be3 c6 7.Qc1 Re8 8.c4 dxc4
9.Qxc4 Be6 10.Qc1 Nbd7 11.Nc3 Bd5 12.Rd1 Qa5 13.Bh6 Bh8 14.Qc2 Bxf3 15.Bxf3 c5
16.d5 e5 17.d6 Rab8 18.a4 Bg7 19.Bg5 Qb4 20.Nb5 Qa5 21.Nc7 Rf8 22.Bd2 Qb6
23.Bc3 a6 24.a5 Qa7 25.Qa4 Rfd8 26.Qc4 Rbc8 27.Rd3 Qb8 28.Nd5 Nxd5 29.Bxd5 Rf8
30.Rf3 Kh8 31.Rxf7 Rxf7 32.Bxf7 Qxd6 33.Qe6 Qc7 34.Rd1 Nf8 35.Qc4 Qe7 36.Bd5 Rd8
37.Rd3 Rd7 38.Rf3 Qd6 39.e4 Re7 40.Rf7 Rxf7 41.Bxf7 b5 42.axb6 Qxb6 43.Qd3 Qc6
44.Bc4 Ne6 45.Bxe6 Qxe6 46.Qd8+ Qg8 47.Qc7 Qe6 48.Qb8+ Qg8 49.Qxe5  1-0

[Event "Ajka op"]
[Site "Ajka"]
[Date "1992.??.??"]
[Round "6"]
[White "Loginov, Valery A"]
[Black "Milov, Leonid"]
[Result "1/2-1/2"]
[WhiteElo "2540"]
[BlackElo "2400"]

1.Nf3 d5 2.g3 c6 3.Bg2 Bg4 4.c4 e6 5.cxd5 Bxf3 6.Bxf3 cxd5 7.O-O Nc6 8.d3 Nf6
9.Nc3 Be7 10.a3 O-O 11.Bg2 Rc8 12.Bd2 a6 13.Rc1 Re8 14.h3 g6 15.Kh2 Nd7 16.f4 Bf8
17.e4 dxe4 18.dxe4 Nb6 19.e5 Nc4 20.Ne4 Nxd2 21.Qxd2 Qxd2 22.Nxd2 Ne7 23.Nb3 b6
24.Bb7 Rxc1 25.Rxc1 a5 26.Rc4 Nf5  1/2-1/2

[Event "Simferopol/Alushta (Women)"]
[Site "Alushta"]
[Date "1992.??.??"]
[Round "?"]
[White "Struchkova, Svetlana"]
[Black "Lelchuk, Zoja"]
[Result "1/2-1/2"]
[WhiteElo "2260"]
[BlackElo "2335"]

1.Nf3 d5 2.g3 c6 3.Bg2 Bg4 4.O-O Nd7 5.h3 Bh5 6.d3 e6 7.c4 Bd6 8.Nc3 Ngf6
9.cxd5 cxd5 10.e4 O-O 11.exd5 exd5 12.d4 Re8 13.g4 Bg6 14.g5 Nh5 15.Nxd5 Nb6
16.Nc3 Nf4 17.Bxf4 Bxf4 18.h4 Bh5 19.Re1 Qd7 20.Qd3 Bg6 21.Qb5 Qxb5 22.Nxb5 f6
23.gxf6 gxf6 24.Rxe8+ Bxe8 25.Nc3 Rd8 26.Rd1 Bf7 27.d5 Kf8 28.Nd4 Be5 29.Ne6+ Bxe6
30.dxe6 Rxd1+ 31.Nxd1 Ke7 32.Bxb7 Kxe6 33.Kg2 Na4 34.b3 Nc3 35.Nxc3 Bxc3
36.Kf3 h6  1/2-1/2

[Event "Simferopol/Alushta (Women)"]
[Site "Alushta"]
[Date "1992.??.??"]
[Round "?"]
[White "Ruchieva, Natalia"]
[Black "Alieva, Elvira"]
[Result "1-0"]
[WhiteElo "2320"]
[BlackElo "2160"]

1.Nf3 d5 2.g3 Nf6 3.Bg2 c6 4.d3 Bf5 5.Nbd2 e6 6.O-O Be7 7.Qe1 h6 8.e4 Bh7
9.Qe2 O-O 10.Ne1 a5 11.Kh1 Na6 12.e5 Nd7 13.f4 Qc7 14.Ndf3 Rfe8 15.g4 Bf8
16.Qf2 c5 17.Nh4 Rad8 18.Bd2 Nb4 19.a3 Nc6 20.Nef3 a4 21.g5 Nd4 22.gxh6 gxh6
23.Nxd4 cxd4 24.Rac1 Qb6 25.Bh3 Kh8 26.Rg1 Bg7 27.Bb4 Rg8 28.Rg2 Bf8 29.Rxg8+ Bxg8
30.f5 exf5 31.Bxf8 Rxf8 32.Qxf5 Nc5 33.e6 Qd8 34.Qe5+ f6 35.Ng6+ Kg7 36.Qg3 Re8
37.Rg1  1-0

[Event "Simferopol/Alushta (Women)"]
[Site "Alushta"]
[Date "1992.??.??"]
[Round "?"]
[White "Struchkova, Svetlana"]
[Black "Zayac, Elena"]
[Result "0-1"]
[WhiteElo "2260"]
[BlackElo "2350"]

1.Nf3 d5 2.g3 Bg4 3.Bg2 Nd7 4.d4 e6 5.O-O c6 6.Nbd2 f5 7.c4 Bd6 8.e3 Ngf6
9.b3 Qe7 10.Bb2 Ba3 11.Qc2 Bxb2 12.Qxb2 Ne4 13.Ne5 Nxe5 14.dxe5 Qb4 15.Nxe4 fxe4
16.a3 Qe7 17.b4 O-O 18.b5 c5 19.h3 Bf3 20.Bxf3 Rxf3 21.Rad1 Qf7 22.Qd2 Rd8
23.Qc2 Qc7 24.cxd5 exd5 25.Rxd5 Rxd5 26.Qxe4 Qf7  0-1

[Event "Simferopol/Alushta (Women)"]
[Site "Alushta"]
[Date "1992.??.??"]
[Round "?"]
[White "Alieva, Elvira"]
[Black "Velikhanli, Firuza"]
[Result "1/2-1/2"]
[WhiteElo "2160"]
[BlackElo "2230"]

1.Nf3 d5 2.g3 Nf6 3.Bg2 h6 4.O-O Bf5 5.d3 e6 6.Nbd2 Be7 7.c4 c6 8.b3 O-O
9.Bb2 Nbd7 10.a3 a5 11.Re1 Bh7 12.Nf1 Qc7 13.h3 Rfd8  1/2-1/2

[Event "ARG-ch"]
[Site "ARG"]
[Date "1992.??.??"]
[Round "?"]
[White "Rubinetti, Jorge A"]
[Black "Rossetto, Hector"]
[Result "1-0"]
[WhiteElo "2450"]
[BlackElo "2295"]

1.Nf3 d5 2.g3 Nf6 3.Bg2 c6 4.O-O Bg4 5.h3 Bxf3 6.Bxf3 Nbd7 7.Bg2 e6 8.d3 Be7
9.Nd2 O-O 10.e4 a5 11.Qe2 Qc7 12.Nf3 a4 13.e5 Ne8 14.Bd2 Qb6 15.Rab1 Nc7
16.Be3 Qa5 17.Bd2 Qb6 18.c3 Qa6 19.Rfe1 Rfe8 20.Bf4 b5 21.h4 Qa7 22.Bh3 c5
23.Kg2 Qb7 24.Kh2 Ra6 25.Bg2 Qc8 26.Rh1 Nf8 27.h5 Qd8 28.Qd2 h6 29.Rbe1 Nh7
30.Kg1 Rb6 31.d4 b4 32.cxb4 Rxb4 33.a3 Rb5 34.dxc5 Qb8 35.Re2 Rxc5 36.Kh2 Rc8
37.Rd1 Nb5 38.Bf1 Qc7 39.Kg2 Rc4 40.Ree1 Rc2 41.Qxc2 Qxc2 42.Rc1 Qxc1 43.Rxc1 Rb8
44.Be3 Ng5 45.Nd4 Nxd4 46.Bxd4 Ne4 47.Rc2 Bg5 48.f3 Nd2 49.f4 Nb3 50.Ba7 Ra8
51.fxg5 Rxa7 52.Rc8+ Kh7 53.g6+  1-0

[Event "Asuncion"]
[Site "Asuncion"]
[Date "1992.??.??"]
[Round "1"]
[White "Rubinetti, Jorge A"]
[Black "Salazar, Hernan"]
[Result "1/2-1/2"]
[WhiteElo "2450"]
[BlackElo "2380"]

1.Nf3 d5 2.g3 Nf6 3.Bg2 c6 4.O-O Bg4 5.b3 Nbd7 6.Bb2 e6 7.d3 a5 8.a3 Be7
9.Nbd2 O-O 10.h3 Bh5 11.e4 b5 12.Qe1 Qb6 13.Kh1 Bxf3 14.Nxf3 dxe4 15.dxe4 Nc5
16.Ne5 Rad8 17.Qe2 Nfd7 18.Ng4 Qc7 19.f4 f6 20.h4 Nb6  1/2-1/2

[Event "AUT-chT"]
[Site "AUT"]
[Date "1992.??.??"]
[Round "?"]
[White "Vukic, Milan"]
[Black "Froeschl, Felix"]
[Result "1-0"]
[WhiteElo "2495"]
[BlackElo "2235"]

1.Nf3 d5 2.g3 Nf6 3.Bg2 Bf5 4.O-O e6 5.c4 c6 6.b3 Nbd7 7.Bb2 h6 8.d3 Bc5
9.Nbd2 O-O 10.a3 a5 11.Qc2 Qe7 12.Qc3 b5 13.d4 b4 14.Qc1 bxa3 15.Bxa3 Bb4
16.c5 Rfb8 17.Qb2 Ne4 18.Bxb4 Rxb4 19.e3 Qd8 20.Ra3 Nxd2 21.Nxd2 e5 22.dxe5 Qb8
23.Nf3 Be4 24.Nd4 Bxg2 25.Kxg2 Qxe5 26.Qc3 Rab8 27.Rc1 Qc7 28.Rca1 Qe5 29.Qc2 Qf6
30.Rxa5 g6 31.Ra6 Rxd4 32.exd4 Qxd4 33.Rd1 Qxc5 34.Qxc5 Nxc5 35.Rxc6 Nxb3
36.Rxd5 Rb7 37.g4 Kg7 38.h4 Kg8 39.h5 Kg7 40.hxg6 fxg6 41.Rdd6  1-0

[Event "AUT-chT"]
[Site "AUT"]
[Date "1992.??.??"]
[Round "?"]
[White "Jurek, Josef"]
[Black "Mathe, Gaspar"]
[Result "1/2-1/2"]
[WhiteElo "2315"]
[BlackElo "2380"]

1.Nf3 d5 2.g3 c6 3.Bg2 Nf6 4.O-O Bf5 5.d3 e6 6.Nbd2 Be7 7.b3 h6 8.Bb2 O-O
9.c4 Nbd7 10.a3 a5 11.Ra2 Bh7 12.Qa1 Ne8 13.Rb1 Bf6 14.b4 axb4 15.axb4 Nc7
16.Rxa8 Qxa8 17.Bxf6 Nxf6 18.Qa5 Rc8 19.Ne5 Qb8 20.Qa1 dxc4 21.Ndxc4 Nb5
22.Na5 Nd5 23.Rb3 Ndc3 24.Nf3  1/2-1/2

[Event "AUT-chT"]
[Site "AUT"]
[Date "1992.??.??"]
[Round "?"]
[White "Baumgartner, Heinz"]
[Black "Casagrande, Harald"]
[Result "1-0"]
[WhiteElo "2360"]
[BlackElo "2360"]

1.Nf3 d5 2.g3 c6 3.Bg2 Bg4 4.d3 Nd7 5.Nbd2 Ngf6 6.h3 Bxf3 7.Bxf3 e6 8.e4 a5
9.Qe2 Qc7 10.Bg2 h5 11.Nf3 dxe4 12.dxe4 Be7 13.Bg5 Qb6 14.O-O Nc5 15.e5 Nd5
16.c4 Nb4 17.a3 Nba6 18.Bxe7 Kxe7 19.Rad1 Nb3 20.Rd6 Rad8 21.Rfd1 Rxd6 22.exd6+ Ke8
23.Qe5 Rg8 24.Qg5  1-0

[Event "AUT-chT"]
[Site "AUT"]
[Date "1992.??.??"]
[Round "?"]
[White "Barbero, Gerardo F"]
[Black "Froeschl, Felix"]
[Result "1-0"]
[WhiteElo "2485"]
[BlackElo "2235"]

1.Nf3 d5 2.g3 Nf6 3.Bg2 Bf5 4.O-O e6 5.d3 Nbd7 6.Nbd2 c6 7.Qe1 Bc5 8.e4 Bg6
9.Kh1 h6 10.a3 a5 11.b3 O-O 12.Bb2 Qb6 13.e5 Ne8 14.Nh4 Bh7 15.f4 Be7 16.g4 Qd8
17.Nhf3 Nc7 18.Qg3 f6 19.Bh3 g5 20.exf6 Bxf6 21.Bxf6 Rxf6 22.fxg5 hxg5 23.Ne5 Ne8
24.Nxd7 Qxd7 25.Rxf6 Nxf6 26.Qe5 Qg7 27.Nf3 Re8 28.Nxg5 Nd7 29.Qxg7+ Kxg7
30.Re1 Bg8 31.Nf3 e5 32.g5 Be6 33.Bxe6 Rxe6 34.Kg2 Kg6 35.h4 Kh5 36.Kg3 c5
37.Nd2 b5 38.Nf1 d4 39.Kh3 Nb6 40.Ng3+ Kg6 41.Kg4 Nd5 42.h5+ Kf7 43.Nf5  1-0

[Event "Aviles"]
[Site "Aviles"]
[Date "1992.??.??"]
[Round "?"]
[White "Sanchez Guirado, Francisco"]
[Black "Moskalenko, Viktor"]
[Result "0-1"]
[WhiteElo "2335"]
[BlackElo "2505"]

1.Nf3 d5 2.g3 c5 3.Bg2 g6 4.O-O Bg7 5.d4 cxd4 6.Nxd4 e5 7.Nb5 a6 8.N5c3 d4
9.Nd5 Nc6 10.e3 Nge7 11.Nxe7 Qxe7 12.exd4 Nxd4 13.Nc3 Be6 14.Nd5 Bxd5 15.Bxd5 e4
16.c3 Rd8 17.Bxf7+ Qxf7 18.cxd4 Rxd4 19.Qg4 Qd7 20.Qxd7+ Kxd7 21.Be3 Rd3
22.Rad1 Ke6 23.Rc1 Rhd8 24.Rc4 Bd4 25.Re1 b5 26.Rxd4 R8xd4 27.Bxd4 Rxd4 28.Kf1 Ke5
29.Ke2 Ra4 30.Ra1 b4 31.Kd2 b3 32.Kc3 bxa2 33.b3 Ra5 34.Kb4 Rb5+ 35.Kc3 Ra5
36.Kb4 Rb5+ 37.Kc3 Rc5+ 38.Kb2 Rd5 39.Rxa2 Rd2+ 40.Kb1 Rxa2 41.Kxa2 Kd4  0-1

[Event "Bayern-chA"]
[Site "Bad Neustadt"]
[Date "1992.??.??"]
[Round "1"]
[White "Siepelt, Heiner"]
[Black "Loew, Gerald"]
[Result "1-0"]
[WhiteElo "2275"]
[BlackElo "2285"]

1.g3 d5 2.Nf3 c6 3.Bg2 Bg4 4.O-O Nd7 5.d3 e6 6.Nbd2 Bd6 7.e4 Ne7 8.Re1 O-O
9.d4 a5 10.a4 Re8 11.c3 b5 12.h3 Bh5 13.g4 Bg6 14.e5 Bc7 15.axb5 cxb5 16.Nh4 Nc6
17.Nxg6 hxg6 18.f4 Nf8 19.Nf3 Bb6 20.Bf1 Na7 21.Bd2 Qd7 22.Bd3 Reb8 23.Kg2 Bd8
24.h4 b4 25.cxb4 axb4 26.Rh1 Qb7 27.h5 Nc6 28.h6 Rxa1 29.Qxa1 f6 30.f5 gxf5
31.gxf5 exf5 32.hxg7 Qxg7+ 33.Kf2 Kf7 34.Bxf5 Bb6 35.Bh6 Qh8 36.Bxf8 Qxf8
37.Rh7+ Ke8 38.Qa4  1-0

[Event "Bad Ragaz op"]
[Site "Bad Ragaz"]
[Date "1992.??.??"]
[Round "9"]
[White "Weindl, Alfred"]
[Black "Donev, Ivo Hristov"]
[Result "0-1"]
[WhiteElo "2365"]
[BlackElo "2415"]

1.g3 d5 2.Nf3 Nc6 3.d4 Bf5 4.Bg2 Nb4 5.Na3 e6 6.O-O Nf6 7.Ne5 Be7 8.c3 Na6
9.Qb3 Qc8 10.c4 c6 11.Bg5 O-O 12.Rac1 Nc7 13.g4 Bg6 14.h3 Re8 15.Nxg6 hxg6
16.Rfd1 Bd6 17.Nb1 Rb8 18.Nd2 Nh7 19.Bh4 g5 20.Bg3 Bxg3 21.Qxg3 Qd8 22.Nf3 Nf8
23.Nxg5 Qxg5 24.Qxc7 Ng6 25.e3 Nh4 26.Qe5 Qxe5 27.dxe5 g5 28.f4 Ng6 29.cxd5 exd5
30.Rd4 Re7 31.b4 a6 32.a4 Nf8 33.Rd2 Ne6 34.Rf1 d4 35.exd4 Nxf4 36.Rfd1 Rd8
37.Kf2 Red7 38.Bf1 Nd5  0-1

[Event "Bad Woerishofen op"]
[Site "Bad Woerishofen"]
[Date "1992.??.??"]
[Round "3"]
[White "Schwarz, Michael"]
[Black "Kishnev, Sergey"]
[Result "0-1"]
[WhiteElo "2380"]
[BlackElo "2540"]

1.Nf3 d5 2.g3 c6 3.Bg2 Bg4 4.O-O Nd7 5.c4 Bxf3 6.Bxf3 Ne5 7.Qb3 Nxf3+ 8.exf3 Qd7
9.cxd5 cxd5 10.d4 e6 11.Bf4 Ne7 12.Nc3 Nc6 13.Rfd1 Be7 14.Rac1 O-O 15.h4 Rfc8
16.Bg5 Bf8 17.h5 Na5 18.Qb5 Qxb5 19.Nxb5 a6 20.Nc7 Ra7 21.h6 Nc6 22.Bf4 g5
23.Be5 Bxh6 24.b4 Nxe5 25.dxe5 Bg7  0-1

[Event "Bad Woerishofen op"]
[Site "Bad Woerishofen"]
[Date "1992.??.??"]
[Round "5"]
[White "Hickl, Joerg"]
[Black "Ragozin, Evgeni"]
[Result "1-0"]
[WhiteElo "2515"]
[BlackElo "2415"]

1.g3 d5 2.Nf3 g6 3.c4 Nf6 4.b3 Bg7 5.Bb2 c5 6.cxd5 Qxd5 7.Bg2 O-O 8.Nc3 Qf5
9.Rc1 Rd8 10.O-O Na6 11.Na4 Qh5 12.Qc2 b6 13.d3 Nb4 14.Qb1 Bh3 15.Rc4 Bg4
16.h3 Bd7 17.Rh4 Qf5 18.e4 Qe6 19.Ng5 Qc6 20.e5 Nfd5 21.a3 Na6 22.Nxh7 Qb7
23.Ng5 Nac7 24.Re1 Ne6 25.Nxe6 Bxe6 26.d4 Qc7 27.dxc5 Rac8 28.cxb6 axb6 29.Rc4 Qb8
30.Rxc8 Rxc8 31.Rd1 b5 32.Bxd5 Bxd5 33.Rxd5 bxa4 34.bxa4 Qb7 35.Rb5 Qf3 36.Bd4 Kh7
37.Rb3 Qe2 38.Rb2 Qf3 39.Rd2 Bh6 40.Rd1 Qe2 41.Rf1 Rd8 42.Bb6 Rd3 43.Qb5 Qf3
44.a5 Rxa3 45.a6 Bf4 46.gxf4 Qxh3 47.Qd5 Rf3 48.Qxf7+ Kh6 49.Qf8+  1-0

[Event "Bankia tt"]
[Site "Bankia"]
[Date "1992.??.??"]
[Round "1"]
[White "Velikov, Petar"]
[Black "Nenkov, Ljudmil"]
[Result "1/2-1/2"]
[WhiteElo "2445"]
[BlackElo "2300"]

1.Nf3 d5 2.g3 Nf6 3.Bg2 e6 4.O-O c5 5.c4 d4 6.e3 Nc6 7.exd4 cxd4 8.Re1 Bd6
9.d3 O-O 10.Bg5 h6 11.Bxf6 gxf6 12.a3 a5 13.Nbd2 f5 14.Rc1 Re8 15.c5 Bf8
16.Ne5 Nxe5 17.Rxe5 Qc7 18.Re1 Bd7 19.Nc4 Bc6 20.Nb6 Bxg2 21.Kxg2 Ra6 22.b4 axb4
23.axb4 Qc6+ 24.Kf1 Qb5 25.Rc4 Rd8 26.Qf3 Qc6 27.Qe2 Bg7 28.Rb1 Qb5 29.Qf3 Qc6
30.Qxc6 bxc6 31.b5 Ra7 32.bxc6 Rc7 33.Nd7 Rxc6 34.Rb7 e5 35.Nb8 Rcc8 36.c6 e4
37.c7 Re8 38.Rb3 exd3 39.Rxd3 Re7 40.Na6 Re6 41.Rb3 Kh7 42.Rb8 Ree8 43.Rxc8 Rxc8
44.Rb4 Kg6 45.Rb5 d3  1/2-1/2

[Event "Bankia tt"]
[Site "Bankia"]
[Date "1992.??.??"]
[Round "5"]
[White "Spassov, Liuben"]
[Black "Dobrev, Ivan"]
[Result "0-1"]
[WhiteElo "2405"]
[BlackElo "2355"]

1.Nf3 d5 2.g3 Nf6 3.Bg2 c5 4.O-O Nc6 5.d4 e6 6.c4 Be7 7.cxd5 exd5 8.Nc3 O-O
9.Bg5 cxd4 10.Nxd4 h6 11.Be3 Re8 12.Qb3 Na5 13.Qc2 Bb4 14.Rad1 Bg4 15.Ndb5 Rc8
16.Nxa7 Rc4 17.Nab5 Qd7 18.Qb1 Bxc3 19.Nxc3 Rxc3 20.bxc3 Bxe2 21.Bd4 Ne4
22.Rfe1 Bxd1 23.Rxd1 Qc6 24.Re1 Nc4 25.Qd1 Qc8 26.h4 Qf5 27.Qb1 Re7 28.Kh2 Ne5
29.Bxe5 Rxe5 30.Rf1 Nxc3 31.Qxb7 d4 32.Qc7 Re8 33.Qc6 Rd8 34.Qc7 Qf6 35.Kg1 d3
36.Bf3 d2 37.Bd1 Qd4 38.h5 Qd3 39.a4 Nxd1 40.Rxd1 Re8 41.Qa5 Re2 42.Kg2 Qe4+
43.Kh3 Re1 44.Qd8+ Kh7 45.Qxd2 Qh1+ 46.Kg4 f5+  0-1

[Event "Belgrade IKO"]
[Site "Belgrade"]
[Date "1992.??.??"]
[Round "12"]
[White "Damljanovic, Branko"]
[Black "Giorgadze, Giorgi"]
[Result "1/2-1/2"]
[WhiteElo "2595"]
[BlackElo "2525"]

1.Nf3 d5 2.g3 g6 3.Bg2 Bg7 4.O-O e6 5.d3 Ne7 6.Nbd2 c5 7.e4 Nbc6 8.Re1 O-O
9.e5 Qc7 10.Qe2 g5 11.Nxg5 Qxe5 12.Qxe5 Nxe5 13.Nf1 Nf5  1/2-1/2

[Event "Benidorm op"]
[Site "Benidorm"]
[Date "1992.??.??"]
[Round "3"]
[White "Danailov, Silvio"]
[Black "Estremera Panos, Sergio"]
[Result "1-0"]
[WhiteElo "2445"]
[BlackElo "2330"]

1.g3 d5 2.Nf3 c6 3.Bg2 Bg4 4.b3 Nd7 5.Bb2 Ngf6 6.O-O e6 7.d3 a5 8.a3 Be7
9.Nbd2 O-O 10.e4 Qb6 11.Qe1 Bxf3 12.Bxf3 Bc5 13.Qe2 Qa6 14.e5 Ne8 15.Bg2 Qb6
16.Nf3 Nc7 17.h4 Nb5 18.c3 d4 19.c4 Nc3 20.Qc2 f6 21.exf6 Rxf6 22.Bxc3 dxc3
23.d4 Be7 24.c5 Qc7 25.Qxc3 Raf8 26.Rae1 b6 27.Ng5 bxc5 28.Nxe6 Qa7 29.Nxf8 cxd4
30.Qc4+ Kxf8 31.Bxc6 Nc5 32.Bd5 d3 33.b4 axb4 34.axb4  1-0

[Event "Benidorm op"]
[Site "Benidorm"]
[Date "1992.??.??"]
[Round "5"]
[White "Danailov, Silvio"]
[Black "Komljenovic, Davor"]
[Result "1/2-1/2"]
[WhiteElo "2445"]
[BlackElo "2495"]

1.g3 d5 2.Nf3 c6 3.Bg2 Bg4 4.O-O Nd7 5.d3 e6 6.Nbd2 Bd6 7.b3 Ne7 8.Bb2 O-O
9.Qe1 Qb6 10.e4 Rae8 11.Kh1 Bh5 12.h3 Kh8 13.e5 Bb8 14.Nh2 Qc5 15.Rc1 Bg6
16.f4 f6 17.exf6 Nxf6 18.Ndf3 Nh5 19.Ne5 Nf5 20.Rf3 Bxe5 21.Bxe5 Nd4 22.Bxd4 Qxd4
23.Ng4 Qb2 24.a4 Re7 25.Ne5 Be8 26.Kh2 Nf6 27.Re3 Nd7 28.h4 Nxe5 29.Rxe5 Bg6
30.Qd2 Bxd3 31.Bh3 Rfe8 32.Bg2 h6 33.Bf3 Bg6 34.Kg2 b6 35.Kh2 c5 36.Rce1 d4
37.Be4 Bxe4 38.R1xe4 Rd8 39.Qd3 Qc3 40.Rxe6 Qxd3 41.cxd3 Rxe6 42.Rxe6 Kg8
43.Re7 a5 44.Re5 Kf7 45.h5 Rb8 46.Kg2 b5 47.Kf3 bxa4 48.bxa4 Rb4 49.Rxc5 Rxa4
50.Ke4 Ra1 51.Kxd4 a4 52.Ra5 a3 53.Ke4 a2 54.Ra7+ Kg8 55.Kf5 Rd1 56.Rxa2 Rxd3
57.Ra8+ Kh7 58.g4 Rb3 59.Re8 Rb1 60.Re7 Rf1 61.Ra7 Re1 62.Ra8  1/2-1/2

[Event "Berliner Sommer"]
[Site "Berlin"]
[Date "1992.??.??"]
[Round "?"]
[White "Hickl, Joerg"]
[Black "Sideif Sade, Fikret I"]
[Result "1-0"]
[WhiteElo "2540"]
[BlackElo "2440"]

1.g3 d5 2.Nf3 c6 3.Bg2 Bg4 4.b3 Nd7 5.Bb2 Ngf6 6.d3 e6 7.O-O Bd6 8.e4 O-O
9.Qe1 e5 10.h3 Bxf3 11.Bxf3 dxe4 12.dxe4 Qe7 13.a3 a5 14.Nd2 b5 15.Qe2 Nc5
16.Bg2 Ne6 17.Nf3 Nd7 18.Rfd1 Rfd8 19.Rd2 f6 20.h4 Ndf8 21.Bh3 Bc5 22.Rxd8 Rxd8
23.c3 Bb6 24.b4 Qd7 25.Bf1 Qa7 26.a4 bxa4 27.Rxa4 Qc7 28.bxa5 Bxa5 29.Ba3 Kh8
30.Qc4 Bb6 31.Ra6 Qb7 32.Kg2 c5 33.Bc1 Ra8 34.Rxa8 Qxa8 35.Be3 Qc6 36.Bd3 Qd7
37.Be2 Qc6 38.Bd1 Qd7 39.Bb3 h5 40.Ne1 Kh7 41.Nd3 Qb7 42.Qd5 Qc7 43.Bc4 Ba5
44.Nxc5 Nxc5 45.Bxc5 Ne6 46.Bd6  1-0

[Event "Bern op"]
[Site "Bern"]
[Date "1992.??.??"]
[Round "3"]
[White "King, Daniel J"]
[Black "Sher, Miron N"]
[Result "1/2-1/2"]
[WhiteElo "2505"]
[BlackElo "2475"]

1.g3 d5 2.Nf3 c6 3.Bg2 Bg4 4.b3 Nd7 5.Bb2 Qc7 6.d4 Bxf3 7.exf3 e6 8.O-O Ngf6
9.Nd2 g5 10.c4 Be7 11.Re1 Nf8 12.Rc1 Ng6 13.a3 a5 14.Nf1 Kf8 15.Ne3 Kg7 16.Qd3 Rad8
17.Rc2 h5 18.Bc1 h4 19.Nf1 Nh5 20.cxd5 exd5 21.Ne3 Bf6 22.Rce2 Rhe8 23.f4 Rxe3
24.Qxe3 hxg3 25.fxg5 gxh2+ 26.Kh1 Be7 27.Qf3 Rh8 28.Qg4 Bf8 29.Re8 Nhf4 30.Qg3 Qd6
31.Bf1 Rh4 32.a4 Ne6 33.Qxd6 Bxd6 34.Bd2 Nxd4 35.Bxa5 Ne6 36.Bd3 d4 37.Bc4 Nxg5
38.Bd8 Bf4 39.Rd1 Nh3 40.Bxh4 Nxh4 41.Re2 Nf5 42.Bd3 Nd6 43.b4 Kf6 44.Kg2 Ng5
45.Bb1 Ne6 46.Ba2 Nf5 47.Kh1 Bd6 48.Rb2 Nc7 49.Bb1 Ne7 50.Be4 Be5 51.Rb3 Ke6
52.b5 cxb5 53.axb5 b6 54.Rc1 Kd6 55.Bd3 Ne6 56.Bc4 Nc5 57.Rh3 f6 58.Rh8 Ne4
59.Rc2 Nc3 60.Bd3 Ned5 61.Bf1 Nc7 62.Rh4 N7d5 63.Rh8 Nc7 64.Rh4 N7d5  1/2-1/2

[Event "Bern op"]
[Site "Bern"]
[Date "1992.??.??"]
[Round "3"]
[White "Kengis, Edvins"]
[Black "Yakovich, Yuri"]
[Result "1-0"]
[WhiteElo "2575"]
[BlackElo "2525"]

1.Nf3 d5 2.g3 Bg4 3.Bg2 Nd7 4.d4 e6 5.O-O c6 6.Nbd2 Bd6 7.e4 Ne7 8.h3 Bh5
9.Re1 O-O 10.c3 Bc7 11.a4 c5 12.exd5 Nxd5 13.Nc4 Rc8 14.Qb3 cxd4 15.cxd4 Bxf3
16.Bxf3 Qf6 17.Bxd5 exd5 18.Ne3 Qe6 19.Qxd5 Qxh3 20.Qf5 Qxf5 21.Nxf5 Rcd8
22.Bd2 g6 23.Rac1 Bb6 24.Ne7+ Kg7 25.Bc3 Rfe8 26.Nd5 a6 27.a5 Ba7 28.Nc7 Rxe1+
29.Rxe1 Bb8 30.d5+ Kh6 31.Ne8 g5 32.d6 Kg6 33.Kg2 h5 34.Bd4 Nf8 35.Bb6 Rd7
36.Re7 f5 37.Bd4 Kh6 38.Bg7+  1-0

[Event "Bern op"]
[Site "Bern"]
[Date "1992.??.??"]
[Round "3"]
[White "Schulze, Ulrich"]
[Black "Campora, Daniel H"]
[Result "0-1"]
[WhiteElo "2420"]
[BlackElo "2550"]

1.Nf3 d5 2.g3 Bg4 3.Bg2 Nd7 4.c4 e6 5.O-O Bxf3 6.Bxf3 Ne5 7.Qb3 Nxf3+ 8.Qxf3 Nf6
9.d3 Be7 10.Nc3 O-O 11.cxd5 Nxd5 12.Bd2 c5 13.Rfc1 Qd7 14.Qg4 f5 15.Qa4 Qxa4
16.Nxa4 Rfc8 17.a3 b5 18.Nc3 Bf6 19.a4 b4 20.Nd1 g5 21.Ra2 b3 22.Ra3 Rab8
23.e4 Ne7 24.Bc3 Bd4 25.Kf1 f4 26.h4 h6 27.hxg5 hxg5 28.Bxd4 cxd4 29.Rxc8+ Nxc8
30.gxf4 gxf4 31.a5 e5 32.f3 a6 33.Nf2 Kf7 34.Ng4 Ke6 35.Ke2 Nd6 36.Ke1 Rb5
37.Kd2 Nf7 38.Nh2 Nd8 39.Ng4 Nc6 40.Ra1 Rxa5 41.Rh1 Ra2 42.Rh6+ Kd7 43.Nf6+ Kd6  0-1

[Event "Bern op"]
[Site "Bern"]
[Date "1992.??.??"]
[Round "5"]
[White "Kengis, Edvins"]
[Black "Sherbakov, Ruslan"]
[Result "1/2-1/2"]
[WhiteElo "2575"]
[BlackElo "2495"]

1.Nf3 d5 2.g3 Bg4 3.Bg2 Nd7 4.d4 e6 5.O-O c6 6.Nbd2 Ngf6 7.c4 Bd6 8.b3 O-O
9.Bb2 Qb8 10.Nh4 Qd8 11.Qe1 e5 12.cxd5 Nxd5 13.h3 Bh5 14.Nf5 Bc7 15.Nc4 Bg6
16.dxe5 Bxf5 17.e4 b5 18.exf5 bxc4 19.bxc4 Ne7 20.Rd1 Qc8 21.f6 Ng6 22.fxg7 Re8
23.f4 Rb8 24.Ba1 Ndxe5 25.fxe5 Bxe5 26.Qf2 Rb7 27.Bxe5 Nxe5 28.Rd4 Qe6 29.Re4 Rbe7
30.Qf4 Qg6 31.Kh1 Qxg7 32.c5 Re6 33.Rd1 Qg6 34.Qh4 h6 35.Rdd4 Qg7 36.Rd6 Qg5
37.Qf4 Kg7 38.h4 Qe7 39.Red4 Qf6 40.Bh3 Ng6 41.Qxf6+ Rxf6 42.Rxf6 Kxf6 43.Rd6+ Kg7  1/2-1/2

[Event "Bern op"]
[Site "Bern"]
[Date "1992.??.??"]
[Round "5"]
[White "Barle, Janez"]
[Black "Sveshnikov, Evgeny"]
[Result "1/2-1/2"]
[WhiteElo "2430"]
[BlackElo "2560"]

1.Nf3 d5 2.g3 c6 3.Bg2 Nf6 4.O-O Bf5 5.d3 e6 6.c4 Nbd7 7.Nc3 dxc4 8.dxc4 Bb4
9.Bd2 O-O 10.a3 Be7 11.Nh4 Bg4 12.h3 Bh5 13.g4 Ne8 14.Nf3 Bg6 15.b4 h5 16.Qb3 hxg4
17.hxg4 Qc7 18.Be3 Nef6 19.Nh2 Ne5 20.f3 a5 21.Rad1 axb4 22.axb4 Ra6 23.g5 Nh5
24.f4 Nd7 25.c5 b6 26.Qc4 b5 27.Qb3 Rfa8 28.Rf3 Bf5 29.Bh3 Ra3 30.Qb2 Bxh3
31.Rxh3 Nxf4 32.Bxf4 Qxf4 33.Rxd7 Qxg5+ 34.Kf2 Qf5+ 35.Rf3 Bh4+ 36.Kg2 Qg6+
37.Kh3 Qh5 38.Kg2 Bf6 39.Qd2 Rxc3 40.Rxc3 Bxc3 41.Qxc3 Qxe2+ 42.Kg1 e5 43.Rd2  1/2-1/2

[Event "Bern op"]
[Site "Bern"]
[Date "1992.??.??"]
[Round "7"]
[White "Barle, Janez"]
[Black "Flear, Glenn C"]
[Result "1/2-1/2"]
[WhiteElo "2430"]
[BlackElo "2495"]

1.Nf3 d5 2.g3 Nf6 3.Bg2 c6 4.O-O Bf5 5.d3 e6 6.c4 dxc4 7.dxc4 Qxd1 8.Rxd1 Bc2
9.Rf1 Na6 10.Bf4 h6 11.Nc3 Rd8 12.Rac1 Bh7 13.Rfd1 Rxd1+ 14.Rxd1 Bb4 15.Nb5 O-O
16.Nd6 Rd8 17.a3 Bc2 18.Rd4 Bc5 19.Rd2 Bxd6 20.Rxd6 Rxd6 21.Bxd6 Be4 22.b4 Ne8
23.Bf4 Kf8 24.Bf1 Ke7 25.Nd2 Bc2 26.Be3 b6 27.Bg2 Ba4 28.Ne4 Nd6 29.Nxd6 Kxd6
30.Be4 Bb3 31.Bd3 c5 32.Bf4+ e5 33.Bd2 Nb8 34.f4 Nc6 35.Bc3 f6 36.e3 cxb4
37.axb4 a5 38.c5+ bxc5 39.bxa5 Nb4 40.fxe5+ fxe5 41.Bb1  1/2-1/2

[Event "Biel op"]
[Site "Biel"]
[Date "1992.??.??"]
[Round "5"]
[White "Gutman, Lev"]
[Black "Yakovich, Yuri"]
[Result "1-0"]
[WhiteElo "2445"]
[BlackElo "2520"]

1.Nf3 d5 2.g3 Bg4 3.Bg2 Nd7 4.O-O c6 5.a4 e5 6.d4 e4 7.Ne5 Nxe5 8.dxe5 Bc5
9.a5 Ne7 10.Qd2 a6 11.Qg5 Qd7 12.Be3 Bxe3 13.Qxe3 O-O 14.f3 Be6 15.Nd2 d4
16.Qa3 exf3 17.exf3 Nf5 18.Ne4 Ne3 19.Rf2 Bf5 20.f4 Nxg2 21.Nc5 Qe7 22.Rxg2 Rad8
23.g4 Be6 24.Nd3 Qh4 25.f5 Bd5 26.Rg3 h5 27.Rf1 Qg5 28.gxh5 Qxh5 29.Qe7 Qh6
30.Rf4 Rfe8 31.Qf6 Kh7 32.Qg5 Qxg5 33.Rxg5 f6 34.exf6 gxf6 35.Rh4+  1-0